=LDR 00000nam 2200000 4500 =001 INLIS000000000000364 =005 20200903095719 =035 ##$$a 0010-061300000000364 =008 200903################g##########0#ind## =041 ##$$a Ind =082 ##$$a 300 =090 ##$$a 300 Rus d =100 1#$$a Russel, Bertrand =245 1#$$a Dampak ilmu pengetahuan atas masyarakat /$c Bertrand Russel; diterjemahkan oleh Irwanto; Robert Haryono Imam =250 ##$$a cet. 1 =260 ##$$a Jakarta :$b Gramedia Pustaka Utama,$c 1992 =300 ##$$a xii, 134 hlm. ; $c 14 x 21 cm =650 #4$$a Ilmu-ilmu Sosial =700 #$$a irwanto =850 ##$$a NBPNMAT =020 ##$$a 979-511-334-8 =084 ##$$a 300 RUS d =990 ##$$a DW99000219 =990 ##$$a DW99000220 =990 ##$$a DW99000221 =990 ##$$a DW99000222 =990 ##$$a DW99000255 =990 ##$$a 00089445 =990 ##$$a 00089122 =990 ##$$a 00041932